| 000 | 00973nam0a22002771 4500 | ||
|---|---|---|---|
| 001 | rc\3812989 | ||
| 005 | 20250530061606.0 | ||
| 021 |
_aRU _b[76-73043] |
||
| 035 | _a(NLR Aleph) 007265895 | ||
| 090 |
_a5357279 _c5357279 |
||
| 100 | _a20120329d1976 |||y0rusy50 ca | ||
| 101 | 0 | _arus | |
| 102 | _aRU | ||
| 105 | _aa z ||||| | ||
| 200 | 1 |
_aХронические формы клещевого энцефалита _fА.Н. Шаповал |
|
| 210 |
_aЛенинград _cМедицина. Ленингр. отд-ние _d1976 |
||
| 215 |
_a176 с. _cил. _d22 |
||
| 300 | _aВ вып. дан. авт.: Алексей Никитович Шаповал | ||
| 320 | _aСписок лит.: с. 171-175 | ||
| 606 |
_aЭнцефалит клещевой, хронический _2psbo |
||
| 700 | 1 |
_aШаповал _bА.Н. _gАлексей Никитич |
|
| 801 | 0 |
_aRU _bNLR _gpsbo |
|
| 801 | 1 |
_aRU _bELAR _2rusmarc |
|
| 852 |
_aNLR _j77-5/1389 |
||
| 942 | _cBOOK | ||
| 980 | _aNB | ||